| 000 | 00390nam a2200157 4500 | ||
|---|---|---|---|
| 001 | 131388 | ||
| 003 | ES-MaACL | ||
| 005 | 20230906193954.0 | ||
| 007 | t| | ||
| 008 | 070214s1969 sp r ||||1| spa d | ||
| 100 | 1 |
_aRoca, M. _997978 |
|
| 245 | 1 | 0 |
_aAmor y castigo / _cM. Roca. |
| 260 |
_aSevilla : _bECESA, _c1969. |
||
| 300 |
_a60 p. ; _c21 cm. |
||
| 852 |
_aES-MaACL _jC-36771 _bR.70684 |
||
| 999 |
_c131388 _d131388 |
||